Statistics for Biggest Cities in South Africa Quiz

Click here to take the quiz!

General Stats

  • This quiz has been taken 45 times
  • The average score is 9 of 21

Answer Stats

PopulationCity% Correct
7,860,781Johannesburg
100%
2,786,046Durban
100%
1,763,336Pretoria
100%
3,430,992Cape Town
100%
876,436Port Elizabeth
95%
464,591Bloemfontein
84%
295,644East London
53%
475,238Pietermaritzburg
37%
227,407Polokwane
32%
225,155Kimberley
32%
377,922Vereeniging
24%
291,484Newcastle
21%
197,735Paarl
18%
211,014Welkom
18%
311,901Rustenburg
16%
242,924Uitenhage
8%
311,657Witbank
8%
189,496Klerksdorp
8%
605,504Evaton
5%
728,063Soshanguve
5%
188,035Somerset West
3%

Score Distribution

Percentile by Number Answered

Percent of People with Each Score

Your Score History

You have not taken this quiz